000 00222 a2200109 4500
020 _a9780329128364
041 _aspa
100 _aGiff, Patricia Reilly
245 _aSecretos de diciembre
942 _cBK
999 _c29610
_d29608
999 _d29608